00357pab a2200133 454500008004000000100002300040245004400063260000900107300001300116362001000129650002900139650002100168773003400189180718b2007 xxu||||| |||| 00| 0 eng d aTharu, Susie et al aReservations and the return to politics c2007 ap.39-45. a8 Dec aBackward classes - India aBackward classes aEconomic and Political Weekly